Квазиклассические односолитонные решения одномерного нелинейного уравения Шрёдингера; Перспективы развития фундаментальных наук

Bibliografiset tiedot
Parent link:Перспективы развития фундаментальных наук.— 2012.— [С. 566-568]
Päätekijä: Колыванов К. А. Клим Александрович
Muut tekijät: Трифонов А. Ю. Андрей Юрьевич (научный руководитель)
Yhteenveto:Заглавие с экрана
We construct the asymptotic solution of the semiclassical one-dimensional nonlinear Schrodinger equation. This solution is considered as the solitary wave.
Kieli:venäjä
Julkaistu: 2012
Sarja:Математика
Aiheet:
Linkit:http://www.lib.tpu.ru/fulltext/c/2012/C21/190.pdf
Aineistotyyppi: MixedMaterials Elektroninen Kirjan osa
KOHA link:https://koha.lib.tpu.ru/cgi-bin/koha/opac-detail.pl?biblionumber=238592

MARC

LEADER 00000nla2a2200000 4500
001 238592
005 20231031205158.0
035 |a (RuTPU)RU\TPU\book\259787 
035 |a RU\TPU\book\259730 
090 |a 238592 
100 |a 20130529d2012 k y0rusy50 ca 
101 0 |a rus  |g eng  |g rus 
102 |a RU 
105 |a y z 101zy 
135 |a drcn ---uucaa 
181 0 |a i  
182 0 |a b 
200 1 |a Квазиклассические односолитонные решения одномерного нелинейного уравения Шрёдингера  |b Электронный ресурс  |f К. А. Колыванов  |g науч. рук. А. Ю. Трифонов  |d Semiclassical soliton solutions of one-dimensional nonlinear Schrodinger equation 
203 |a Текст  |c электронный 
215 |a 1 файл(401 Кб) 
225 1 |a Математика 
230 |a Электронные текстовые данные (1 файл: 401 Кб) 
300 |a Заглавие с экрана 
320 |a [Библиогр.: с. 568 (2 назв.)] 
330 |a We construct the asymptotic solution of the semiclassical one-dimensional nonlinear Schrodinger equation. This solution is considered as the solitary wave. 
337 |a Adobe Reader 
463 1 |0 (RuTPU)RU\TPU\book\256864  |t Перспективы развития фундаментальных наук  |l Prospects of fundamental sciences development  |o сборник научных трудов IX Международной конференция студентов и молодых ученых, г. Томск, 24-27 апреля 2012 г.  |f Национальный исследовательский Томский политехнический университет (ТПУ) ; ред. коллегия Е. А. Вайтулевич ; Г. А. Лямина ; Г. А. Воронова ; М. П. Никитич ; А. М. Лидер ; Ю. Р. Цой ; М. Е. Семенов  |v [С. 566-568]  |d 2012 
510 1 |a Semiclassical soliton solutions of one-dimensional nonlinear Schrödinger equation  |z eng 
610 1 |a электронный ресурс 
610 1 |a труды учёных ТПУ 
610 1 |a квазиклассические расчеты 
610 1 |a односолитонные формулы 
610 1 |a решение 
610 1 |a одномерные задачи 
610 1 |a нелинейные уравнения 
610 1 |a нелинейные уравнения Шредингера 
700 1 |a Колыванов  |b К. А.  |c лаборант Томского политехнического университета  |g Клим Александрович  |2 stltpush  |3 (RuTPU)RU\TPU\pers\30525 
702 1 |a Трифонов  |b А. Ю.  |c российский физик, математик  |c профессор Томского политехнического университета, доктор физико-математических наук  |f 1963-  |g Андрей Юрьевич  |2 stltpush  |4 727 
801 1 |a RU  |b 63413507  |c 20101016 
801 2 |a RU  |b 63413507  |c 20131017  |g RCR 
856 4 |u http://www.lib.tpu.ru/fulltext/c/2012/C21/190.pdf 
942 |c CF